Every 10+ WAR Season in MLB History - Statistics

General Stats
  • This quiz has been taken 40 times
  • The average score is 90 of 115
Answer Stats
WAR Year Team Position Answer % Correct
10.8 2024 NYY CF Aaron Judge
100%
10.8 2022 NYY CF Aaron Judge
100%
11.9 2001 SFG LF Barry Bonds
100%
11.7 2002 SFG LF Barry Bonds
100%
10.6 2004 SFG LF Barry Bonds
100%
11.9 1927 NYY 1B Lou Gehrig
100%
10.0 1934 NYY 1B Lou Gehrig
100%
11.3 1957 NYY CF Mickey Mantle
100%
11.3 1956 NYY CF Mickey Mantle
100%
10.5 1961 NYY CF Mickey Mantle
100%
10.5 2012 LAA CF Mike Trout
100%
10.4 2016 LAA CF Mike Trout
100%
10.7 2002 ARI SP Randy Johnson
100%
10.1 2001 ARI SP Randy Johnson
100%
15.2 1913 WSH SP Walter Johnson
100%
14.3 1912 WSH SP Walter Johnson
100%
12.0 1914 WSH SP Walter Johnson
100%
11.9 1915 WSH SP Walter Johnson
100%
10.8 1919 WSH SP Walter Johnson
100%
10.5 1918 WSH SP Walter Johnson
100%
10.4 1910 WSH SP Walter Johnson
100%
10.3 1916 WSH SP Walter Johnson
100%
11.2 1965 SFG CF Willie Mays
100%
11.0 1964 SFG CF Willie Mays
100%
10.6 1963 SFG CF Willie Mays
100%
10.5 1962 SFG CF Willie Mays
100%
10.4 1954 NYG CF Willie Mays
100%
10.2 1958 SFG CF Willie Mays
100%
10.4 2000 SEA SS Alex Rodríguez
97%
14.1 1923 NYY RF Babe Ruth
97%
12.8 1921 NYY LF Babe Ruth
97%
12.6 1927 NYY RF Babe Ruth
97%
11.9 1920 NYY RF Babe Ruth
97%
11.4 1926 NYY RF Babe Ruth
97%
11.4 1924 NYY RF Babe Ruth
97%
10.6 1931 NYY RF Babe Ruth
97%
10.3 1930 NYY RF Babe Ruth
97%
10.2 1928 NYY RF Babe Ruth
97%
11.5 1991 BAL SS Cal Ripken Jr.
97%
10.0 1984 BAL SS Cal Ripken Jr.
97%
10.6 1946 BOS LF Ted Williams
97%
10.5 1942 BOS LF Ted Williams
97%
10.4 1941 BOS LF Ted Williams
97%
11.3 1917 DET CF Ty Cobb
97%
10.7 1911 DET CF Ty Cobb
97%
10.5 1910 DET CF Ty Cobb
97%
11.7 2000 BOS SP Pedro Martínez
94%
10.5 1982 MIL SS Robin Yount
94%
10.3 2001 CHC RF Sammy Sosa
94%
10.7 1963 LAD SP Sandy Koufax
94%
10.3 1966 LAD SP Sandy Koufax
94%
10.6 1973 NYM SP Tom Seaver
94%
10.2 1971 NYM SP Tom Seaver
94%
12.4 1967 BOS LF Carl Yastrzemski
91%
10.5 1968 BOS LF Carl Yastrzemski
91%
10.7 2018 BOS RF Mookie Betts
91%
11.9 1997 TOR SP Roger Clemens
91%
10.4 1990 BOS SP Roger Clemens
91%
11.3 1948 STL RF Stan Musial
91%
12.2 1985 NYM SP Dwight Gooden
88%
10.2 1959 CHC SS Ernie Banks
88%
11.5 1908 PIT SS Honus Wagner
88%
10.2 1905 PIT SS Honus Wagner
88%
11.2 1968 STL SP Bob Gibson
85%
10.4 1969 STL SP Bob Gibson
85%
11.0 1975 CIN 2B Joe Morgan
85%
12.1 1972 PHI SP Steve Carlton
85%
10.2 1980 PHI SP Steve Carlton
85%
12.1 1924 STL 2B Rogers Hornsby
82%
10.8 1921 STL 2B Rogers Hornsby
82%
10.6 1929 CHC 2B Rogers Hornsby
82%
10.2 1927 NYG 2B Rogers Hornsby
82%
10.2 1925 STL 2B Rogers Hornsby
82%
10.1 1922 STL 2B Rogers Hornsby
82%
11.8 1908 NYG SP Christy Mathewson
79%
10.5 1903 NYG SP Christy Mathewson
79%
12.4 1901 BOS SP Cy Young
79%
10.1 1902 BOS SP Cy Young
79%
10.4 2009 KCR SP Zack Greinke
79%
10.2 1912 BOS CF Tris Speaker
76%
10.0 1914 BOS CF Tris Speaker
76%
10.4 1932 PHA 1B Jimmie Foxx
74%
10.0 1906 CLE 2B Nap Lajoie
74%
10.1 1971 CHC SP Fergie Jenkins
71%
10.3 1965 SFG SP Juan Marichal
71%
10.0 1978 ATL SP Phil Niekro
71%
10.0 1946 CLE SP Bob Feller
68%
11.2 1936 BOS SP Lefty Grove
65%
10.4 1931 PHA SP Lefty Grove
65%
10.4 1930 PHA SP Lefty Grove
65%
10.5 1910 PHA 2B Eddie Collins
56%
12.0 1920 CHC SP Grover Alexander
56%
11.0 1915 PHI SP Grover Alexander
56%
11.0 1916 PHI SP Grover Alexander
56%
10.2 1912 BOS SP Smoky Joe Wood
50%
11.7 1971 CHW SP Wilbur Wood
50%
10.7 1972 CHW SP Wilbur Wood
50%
10.8 1972 CLE SP Gaylord Perry
44%
11.3 1945 DET SP Hal Newhouser
44%
11.4 1910 NYY SP Russ Ford
44%
10.4 1948 CLE SS Lou Boudreau
41%
10.1 1953 CLE 3B Al Rosen
26%
10.5 1924 BRO SP Dazzy Vance
26%
10.1 1928 BRO SP Dazzy Vance
26%
12.1 1912 CHW SP Ed Walsh
24%
11.1 1910 CHW SP Ed Walsh
24%
10.3 1908 CHW SP Ed Walsh
24%
10.0 1969 BOS SS Rico Petrocelli
24%
11.3 1904 PHA SP Rube Waddell
24%
11.9 1917 CHW SP Eddie Cicotte
21%
10.6 1904 NYY SP Jack Chesbro
15%
12.2 1903 NYG SP Joe McGinnity
12%
11.4 1921 CHW SP Red Faber
12%
10.2 1963 CHC SP Dick Ellsworth
6%
10.7 1923 CIN SP Dolf Luque
0%
No matching quizzes found
Score Distribution
Percent of People with Each Score
Percentile by Number Answered
Your Score History
You have not taken this quiz